[Event "25th Troya Open 2017"]
[Site "Canakkale"]
[Date "2017.08.09"]
[Round "5.9"]
[White "Vursan, Emre Can"]
[Black "Demirtas, Hafize"]
[Result "1-0"]
[WhiteElo "1696"]
[BlackElo "1708"]
[Annotator "NA RC"]
[PlyCount "124"]
[EventCountry "TUR"]
[SourceTitle "playchess.com"]
[Source "ChessBase"]
[SourceQuality "1"]
[TimeControl "5400+30"]

1. e4 {[%emt 0:00:30]} d6 {[%emt 0:01:00]} 2. d4 {[%emt 0:00:30]} Nf6 {[%emt 0:00:30]} 3. Nc3 {[%emt 0:00:30]} Nbd7 {[%emt 0:00:30]} 4. Nf3 {[%emt 0:00:30]} e5 {[%emt 0:00:30]} 5. g4 {[%emt 0:00:00]} Nxg4 {[%emt 0:04:30]} 6. Rg1 {[%emt 0:00:00]} exd4 {[%emt 0:03:30]} 7. Qxd4 {[%emt 0:00:00]} Nde5 {[%emt 0:02:30]} 8. Nxe5 {[%emt 0:02:00]} Nxe5 {[%emt 0:01:30]} 9. Be2 {[%emt 0:00:30]} h6 {[%emt 0:08:30]} 10. Be3 {[%emt 0:07:30]} Be6 {[%emt 0:10:30]} 11. O-O-O {[%emt 0:03:30]} a6 {[%emt 0:08:30]} 12. f4 {[%emt 0:05:30]} Nc6 {[%emt 0:01:30]} 13. Qd2 {[%emt 0:00:30]} Qh4 {[%emt 0:06:30]} 14. f5 {[%emt 0:01:30]} Bd7 {[%emt 0:00:30]} 15. Nd5 {[%emt 0:03:30]} O-O-O {[%emt 0:03:30]} 16. Rg4 {[%emt 0:08:30]} Qxh2 {[%emt 0:06:30]} 17. Nf4 {[%emt 0:04:30]} Ne5 {[%emt 0:05:30]} 18. Bg1 {[%emt 0:03:30]} Qh1 {[%emt 0:01:30]} 19. Qe3 {[%emt 0:14:30]} Nxg4 {[%emt 0:03:30]} 20. Qa7 {[%emt 0:00:00]} Bc6 {[%emt 0:02:30]} 21. Bxg4 {[%emt 0:00:00]} Qh4 {[%emt 0:12:45]} 22. Ne6 {[%emt 0:05:30]} fxe6 {[%emt 0:02:47]} 23. fxe6 {[%emt 0:00:30]} b5 {[%emt 0:01:13]} 24. e7+ {[%emt 0:09:30]} Qxg4 {[%emt 0:00:42]} 25. Qxa6+ {[%emt 0:00:30]} Bb7 {[%emt 0:03:11]} 26. exd8=Q+ {[%emt 0:00:30]} Kxd8 {[%emt 0:00:10]} 27. Qxb7 {[%emt 0:00:00]} Be7 {[%emt 0:00:26]} 28. Qb8+ {[%emt 0:01:00]} Qc8 {[%emt 0:00:11]} 29. Qxb5 {[%emt 0:00:30]} Bg5+ {[%emt 0:01:02]} 30. Kb1 {[%emt 0:00:30]} Qg4 {[%emt 0:00:54]} 31. Rf1 {[%emt 0:00:30]} Re8 {[%emt 0:01:04]} 32. e5 {[%emt 0:01:30]} dxe5 {[%emt 0:03:58]} 33. a4 {[%emt 0:04:30]} Bf6 {[%emt 0:02:19]} 34. a5 {[%emt 0:04:30]} Ke7 {[%emt 0:01:28]} 35. Bc5+ {[%emt 0:00:30]} Kf7 {[%emt 0:00:12]} 36. Qb3+ {[%emt 0:00:30]} Qe6 {[%emt 0:00:11]} 37. Qb7 {[%emt 0:00:34]} Qc8 {[%emt 0:00:33]} 38. Qc6 {[%emt 0:01:54]} Re6 {[%emt 0:00:50]} 39. Qd5 {[%emt 0:00:42]} Qa6 {[%emt 0:00:14]} 40. Qd7+ {[%emt 0:04:41]} Kg8 {[%emt 0:00:07]} 41. Rf3 {[%emt 0:02:58]} e4 {[%emt 0:00:09]} 42. Rb3 {[%emt 0:01:35]} Qc6 {[%emt 0:00:28]} 43. Rb8+ {[%emt 0:01:46]} Kh7 {[%emt 0:00:18]} 44. Qxc6 {[%emt 0:00:37]} Rxc6 {[%emt 0:00:05]} 45. b4 {[%emt 0:00:00]} Bc3 {[%emt 0:00:57]} 46. Re8 {[%emt 0:00:09]} g5 {[%emt 0:00:40]} 47. Rxe4 {[%emt 0:00:24]} h5 {[%emt 0:00:10]} 48. Be3 {[%emt 0:03:41]} Kg6 {[%emt 0:01:14]} 49. b5 {[%emt 0:00:11]} Rd6 {[%emt 0:00:51]} 50. a6 {[%emt 0:00:31]} Rd8 {[%emt 0:00:11]} 51. Rc4 {[%emt 0:00:26]} Be5 {[%emt 0:00:21]} 52. Rc5 {[%emt 0:01:16]} Bf4 {[%emt 0:01:09]} 53. Bxf4 {[%emt 0:01:42]} gxf4 {[%emt 0:00:30]} 54. Rxc7 {[%emt 0:00:02]} f3 {[%emt 0:00:40]} 55. Rc3 {[%emt 0:00:46]} f2 {[%emt 0:01:17]} 56. Rf3 {[%emt 0:00:03]} Rb8 {[%emt 0:00:18]} 57. c4 {[%emt 0:00:11]} Kg5 {[%emt 0:00:42]} 58. Rxf2 {[%emt 0:00:02]} Kg4 {[%emt 0:00:00]} 59. Rh2 {[%emt 0:00:18]} Kf5 {[%emt 0:00:30]} 60. Rxh5+ {[%emt 0:00:10]} Ke6 {[%emt 0:00:00]} 61. a7 {[%emt 0:00:02]} Ra8 {[%emt 0:00:00]} 62. b6 {[%emt 0:00:04]} Kd6 {[%emt 0:00:00]} 1-0

[Event "25th Troya Open 2017"]
[Site "Canakkale"]
[Date "2017.08.09"]
[Round "5.10"]
[White "Kara, Gulce Nehir"]
[Black "Pektas, Gokdeniz"]
[Result "1/2-1/2"]
[WhiteElo "1659"]
[BlackElo "1625"]
[Annotator "NA RC"]
[PlyCount "80"]
[EventCountry "TUR"]
[SourceTitle "playchess.com"]
[Source "ChessBase"]
[SourceQuality "1"]
[TimeControl "5400+30"]

1. e4 {[%emt 0:00:30]} c5 {[%emt 0:01:00]} 2. Nf3 {[%emt 0:00:30]} Nc6 {[%emt 0:00:30]} 3. d4 {[%emt 0:00:30]} cxd4 {[%emt 0:00:30]} 4. Nxd4 {[%emt 0:00:30]} Nf6 {[%emt 0:00:30]} 5. Nc3 {[%emt 0:00:30]} e5 {[%emt 0:00:30]} 6. Ndb5 {[%emt 0:00:30]} d6 {[%emt 0:00:30]} 7. Bd3 {[%emt 0:00:30]} a6 {[%emt 0:00:30]} 8. Na3 {[%emt 0:00:00]} d5 {[%emt 0:00:00]} 9. exd5 {[%emt 0:09:00]} Nxd5 {[%emt 0:00:00]} 10. Nxd5 {[%emt 0:01:30]} Qxd5 {[%emt 0:00:00]} 11. O-O {[%emt 0:00:30]} Bxa3 {[%emt 0:11:00]} 12. bxa3 {[%emt 0:00:00]} Be6 {[%emt 0:07:30]} 13. c4 {[%emt 0:03:00]} Qd4 {[%emt 0:00:30]} 14. Be3 {[%emt 0:01:30]} Qc3 {[%emt 0:00:30]} 15. Qb3 {[%emt 0:03:30]} Qxb3 {[%emt 0:01:30]} 16. axb3 {[%emt 0:02:30]} O-O-O {[%emt 0:00:00]} 17. Bc2 {[%emt 0:07:30]} Nd4 {[%emt 0:02:00]} 18. Bxd4 {[%emt 0:03:30]} Rxd4 {[%emt 0:00:00]} 19. Rae1 {[%emt 0:04:30]} Rd2 {[%emt 0:02:00]} 20. Bb1 {[%emt 0:07:30]} Rb2 {[%emt 0:01:30]} 21. b4 {[%emt 0:01:30]} Bxc4 {[%emt 0:03:30]} 22. Rc1 {[%emt 0:00:30]} b5 {[%emt 0:00:00]} 23. Bd3 {[%emt 0:00:30]} Rd8 {[%emt 0:04:00]} 24. Bxc4 {[%emt 0:00:30]} bxc4 {[%emt 0:00:00]} 25. Rxc4+ {[%emt 0:00:00]} Kb8 {[%emt 0:00:00]} 26. Rh4 {[%emt 0:01:00]} h6 {[%emt 0:00:30]} 27. Rg4 {[%emt 0:00:30]} g5 {[%emt 0:00:30]} 28. Re4 {[%emt 0:00:30]} f6 {[%emt 0:00:00]} 29. Rc4 {[%emt 0:00:30]} Rc8 {[%emt 0:02:00]} 30. Rxc8+ {[%emt 0:02:30]} Kxc8 {[%emt 0:00:00]} 31. Rc1+ {[%emt 0:00:30]} Kd7 {[%emt 0:01:00]} 32. g3 {[%emt 0:00:30]} Rb3 {[%emt 0:00:30]} 33. Ra1 {[%emt 0:00:30]} Kc6 {[%emt 0:00:30]} 34. Rc1+ {[%emt 0:01:30]} Kb6 {[%emt 0:00:30]} 35. Rd1 {[%emt 0:00:30]} Rc3 {[%emt 0:01:30]} 36. Rd6+ {[%emt 0:02:30]} Rc6 {[%emt 0:00:30]} 37. Rd5 {[%emt 0:05:30]} Kc7 {[%emt 0:10:30]} 38. Kg2 {[%emt 0:00:30]} Rc3 {[%emt 0:00:30]} 39. Ra5 {[%emt 0:00:30]} Kb6 {[%emt 0:00:00]} 40. Rd5 {[%emt 0:06:30]} Rxa3 {[%emt 0:01:00]} 1/2-1/2

[Event "25th Troya Open 2017"]
[Site "Canakkale"]
[Date "2017.08.09"]
[Round "5.11"]
[White "Kaya, Onur"]
[Black "Konusoglu, Kemal Safa"]
[Result "1/2-1/2"]
[WhiteElo "1633"]
[BlackElo "1555"]
[Annotator "NA RC"]
[PlyCount "47"]
[EventCountry "TUR"]
[SourceTitle "playchess.com"]
[Source "ChessBase"]
[SourceQuality "1"]
[TimeControl "5400+30"]

1. e4 {[%emt 0:00:30]} c5 {[%emt 0:01:00]} 2. Nc3 {[%emt 0:00:30]} Nc6 {[%emt 0:00:30]} 3. g3 {[%emt 0:00:30]} g6 {[%emt 0:00:30]} 4. Bg2 {[%emt 0:00:30]} Bg7 {[%emt 0:00:30]} 5. d3 {[%emt 0:00:30]} e6 {[%emt 0:00:30]} 6. f4 {[%emt 0:00:30]} Nge7 {[%emt 0:00:30]} 7. Nf3 {[%emt 0:00:30]} d6 {[%emt 0:00:30]} 8. O-O {[%emt 0:00:00]} O-O {[%emt 0:00:30]} 9. Kh1 {[%emt 0:10:00]} b6 {[%emt 0:00:30]} 10. Ne2 {[%emt 0:03:30]} Bb7 {[%emt 0:00:30]} 11. c3 {[%emt 0:00:30]} Rc8 {[%emt 0:01:30]} 12. g4 {[%emt 0:00:00]} f5 {[%emt 0:12:30]} 13. gxf5 {[%emt 0:01:00]} gxf5 {[%emt 0:01:30]} 14. Ng3 {[%emt 0:04:30]} Qd7 {[%emt 0:05:30]} 15. Nh5 {[%emt 0:08:30]} Ng6 {[%emt 0:20:30]} 16. Nxg7 {[%emt 0:01:30]} Kxg7 {[%emt 0:01:30]} 17. Ng5 {[%emt 0:06:30]} h6 {[%emt 0:07:30]} 18. exf5 {[%emt 0:00:30]} exf5 {[%emt 0:06:30]} 19. Nf3 {[%emt 0:26:30]} Rfe8 {[%emt 0:00:30]} 20. Bd2 {[%emt 0:00:30]} Ba6 {[%emt 0:00:30]} 21. c4 {[%emt 0:00:30]} Kh7 {[%emt 0:01:30]} 22. h4 {[%emt 0:09:30]} Nd4 {[%emt 0:09:30]} 23. h5 {[%emt 0:04:30]} Ne7 {[%emt 0:00:30]} 24. Ng5+ {[%emt 0:19:51]} 1/2-1/2

[Event "25th Troya Open 2017"]
[Site "Canakkale"]
[Date "2017.08.09"]
[Round "5.12"]
[White "Erdal, Kerem"]
[Black "Zaimov, Berk"]
[Result "1/2-1/2"]
[WhiteElo "1579"]
[BlackElo "1544"]
[Annotator "NA RC"]
[PlyCount "69"]
[EventCountry "TUR"]
[SourceTitle "playchess.com"]
[Source "ChessBase"]
[SourceQuality "1"]
[TimeControl "5400+30"]

1. e4 {[%emt 0:00:30]} c6 {[%emt 0:01:00]} 2. d4 {[%emt 0:00:30]} d5 {[%emt 0:00:30]} 3. exd5 {[%emt 0:00:30]} cxd5 {[%emt 0:00:30]} 4. Nf3 {[%emt 0:00:30]} Nf6 {[%emt 0:00:30]} 5. c4 {[%emt 0:00:30]} Bf5 {[%emt 0:00:30]} 6. Nc3 {[%emt 0:00:30]} e6 {[%emt 0:00:30]} 7. Bg5 {[%emt 0:00:00]} Be7 {[%emt 0:02:30]} 8. Bxf6 {[%emt 0:03:00]} Bxf6 {[%emt 0:00:30]} 9. cxd5 {[%emt 0:00:30]} exd5 {[%emt 0:00:30]} 10. Qb3 {[%emt 0:03:30]} Qe7+ {[%emt 0:00:30]} 11. Be2 {[%emt 0:01:30]} Be6 {[%emt 0:05:30]} 12. Nxd5 {[%emt 0:12:30]} Bxd5 {[%emt 0:00:00]} 13. Qxd5 {[%emt 0:00:30]} Qb4+ {[%emt 0:00:00]} 14. Nd2 {[%emt 0:00:30]} O-O {[%emt 0:00:30]} 15. Qb5 {[%emt 0:15:30]} Qxb5 {[%emt 0:14:30]} 16. Bxb5 {[%emt 0:00:30]} Bxd4 {[%emt 0:00:30]} 17. O-O {[%emt 0:00:30]} Bxb2 {[%emt 0:02:30]} 18. Rab1 {[%emt 0:01:30]} Bd4 {[%emt 0:00:30]} 19. Bc4 {[%emt 0:00:30]} Bb6 {[%emt 0:00:30]} 20. Ne4 {[%emt 0:01:30]} Nc6 {[%emt 0:02:30]} 21. Nd6 {[%emt 0:01:30]} Na5 {[%emt 0:00:30]} 22. Be2 {[%emt 0:11:30]} g6 {[%emt 0:02:30]} 23. Bf3 {[%emt 0:02:30]} Rab8 {[%emt 0:01:30]} 24. Ne4 {[%emt 0:09:30]} Rfd8 {[%emt 0:12:30]} 25. Nf6+ {[%emt 0:00:30]} Kg7 {[%emt 0:00:30]} 26. Nd5 {[%emt 0:00:30]} Bc5 {[%emt 0:01:30]} 27. Rfc1 {[%emt 0:00:30]} b6 {[%emt 0:00:30]} 28. g3 {[%emt 0:06:30]} Rbc8 {[%emt 0:00:30]} 29. Kg2 {[%emt 0:00:30]} Nc6 {[%emt 0:02:30]} 30. Nc3 {[%emt 0:10:05]} Ne5 {[%emt 0:02:30]} 31. Ne4 {[%emt 0:04:26]} Nxf3 {[%emt 0:02:30]} 32. Kxf3 {[%emt 0:00:48]} Ba3 {[%emt 0:01:30]} 33. Rxc8 {[%emt 0:01:27]} Rf8 {[%emt 0:00:30]} 34. Rb3 {[%emt 0:00:14]} Be7 {[%emt 0:00:30]} 35. Rd3 {[%emt 0:06:06]} 1/2-1/2